000 00746nam a2200217Ii 4500
003 JO-AjNU
008 230605s9999||||xx |||||||||||||| ||und||
017 _a2014/9/4270
040 _aJO-AjNU
_bara
_erda
_cJO-AjNU
041 _aara
050 1 4 _aDS154.55.B3482 2016
100 3 _aالبلوي، سلوى سلمان,
_eauthor
_952859
245 0 0 _aالأردن تاريخ وحضارة: الأردن في كتاب
250 _aط1
264 3 1 _aعمان: دار صفاء للنشر والتوزيع، 2016
300 _a192ص
_bخرائط وصور توضيحية
336 _atext
_btxt
_2rdacontent
337 _aunmediated
_bn
_2rdamedia
338 _avolume
_bnc
_2rdacarrier
650 4 _aالاردن - تاريخ الاردن
_952860
999 _aA23440
_c27008
_d27008